000 01090nam a2200313 i 4500
003 EG-GICUC
005 20260414182200.0
008 260414s1958 fr ||f |||| 000 0 fre d
040 _aEG-GiCUC
_bfre
_cEG-GiCUC
_dEG-GiCUC
_eRda
041 0 _afre
082 0 4 _221
_a343.3001.4
_bB R . A
092 0 4 _221
099 _aLaw1 10 343.3001.4 B R . A 1958
100 1 _aBrouchot, Jean
_eAuteur
245 1 0 _aAnalyse Et Commentaire Du Code De Procédure Pénale :
_b (Loi Du 31décembre 1957) /
_cPar Jean Brouchot, Jacques Gazier, François Brouchot.
264 1 _aParis :
_bLibrairies Techniques,
_c1958.
300 _a141 page, pages non numérotées ;
_c 24 cm.
336 _2rda contenu
_a texte
337 _2rda medias
_aOrdinateur
338 _2 transporteur rda
_a Ressource en ligne
546 _aTexte en français
650 1 _aDroit pénal
_2qrmak
651 1 _2qrmak
700 1 _aBrouchot, François
_eCo-Auteur
700 1 _aGazier, Jacques.
_eCo-Auteur
856 4 0 _uhttps://fll.law.cu.edu.eg/fulltext/bks/B10-08936.pdf
905 _a62
942 _2ddc
_cBK
_e21
_n0
999 _c70975
_d70975